000
00338nam a2200133Ia 4500
008
240624s9999 xx 000 0 und d
041
_a
eng
082
_a
303.48 LI
100
_a
LI CHARLENE
245
_a
GROUNDSHELL WINNING IN A WORLD
260
_c
2011
_a
New Delhi
_b
Harvard Business
300
_a
332 : p. : cm. ; 28
365
_c
RS
_b
35
999
_c
27786
_d
27786